| 000 | 00805nac a22002411i 4500 | ||
|---|---|---|---|
| 003 | EG-ScBUE | ||
| 005 | 20230227053414.0 | ||
| 008 | 230227s2003 cc f 000 0 eng d | ||
| 020 | _a7533132858 | ||
| 020 | _a9787533132859 | ||
| 040 |
_aEG-ScBUE _beng _erda _cEG-ScBUE _dEG-ScBUE |
||
| 082 | 0 | 4 |
_a728.5 _222 _bREV |
| 245 | 0 | 4 |
_aThe revolutionary international leader in hotel design : _bHirsch Bedner Associates / _ceditor, Bernard Chan. |
| 264 | 1 |
_aHong Kong : _bShandong Science & Technology Press, _c2003. |
|
| 300 |
_a223 pages ; _c32 cm. |
||
| 490 | 0 | _aHotel design monograph series | |
| 546 | _aText in Chinese and English. | ||
| 610 | 2 | 7 |
_aHirsch Bedner Associates. _2BUEsh |
| 650 | 7 |
_aHotels _xDecoration _vpictorial works. _2BUEsh |
|
| 653 | _bART | ||
| 655 | _vReading book | ||
| 942 |
_cBB _2ddc |
||
| 999 |
_c3793 _d3793 |
||